|
|
|
|
| LEADER |
00980nam a22002652a 4500 |
| 001 |
000157339 |
| 003 |
CZ BrMZK |
| 005 |
20070817065345.0 |
| 008 |
970107s1989 xr a f cze d |
| 015 |
|
|
|a cnb000048477
|
| 035 |
|
|
|a (OCoLC)20241363
|
| 040 |
|
|
|a BOA001
|b cze
|
| 080 |
9 |
|
|a 885.0-14(081)
|
| 100 |
1 |
|
|a Peterka, Josef,
|d 1944-
|7 jk01092708
|
| 245 |
1 |
0 |
|a Krásný ortel :
|b z milostné poezie /
|c Josef Peterka
|
| 250 |
|
|
|a 1. vyd. výboru.
|
| 260 |
|
|
|a Praha :
|b Československý spisovatel,
|c 1989
|
| 300 |
|
|
|a 119 s.
|
| 490 |
1 |
|
|a Prstýnek
|
| 830 |
|
0 |
|a Prstýnek
|0 s
|
| 856 |
4 |
1 |
|u http://www.digitalniknihovna.cz/mzk/uuid/uuid:dd17e340-81ed-11e4-9d8c-005056827e51
|y Digitalizovaný dokument
|x NDK
|
| 910 |
|
|
|a BOA001
|b PK-A-0019.379
|b S-0944.576
|
| 990 |
|
|
|a BK
|
| 996 |
6 |
|
|b 2619539314
|c S-0944.576
|l MZK
|r Sklad / do 24 hodin
|n 0
|w 000157339
|u 000020
|a 1
|e BOA001
|j MZK50
|s P
|
| 996 |
7 |
|
|b 3119950855
|c PK-A-0019.379
|l MZK
|r Sklad / do 1 hodiny
|n 0
|w 000157339
|u 000010
|a 1
|e BOA001
|j MZK50
|s A
|